First half of Hailie's Song - Eminem - Statistics

General Stats
  • This quiz has been taken 39 times
  • The average score is 154 of 232
Answer Stats
Answer % Correct
I
88%
me
88%
on
88%
the
88%
no
81%
so
81%
and
75%
don't
75%
feel
75%
like
75%
my
75%
My
75%
see
75%
world
75%
world's
75%
worlds
75%
baby
69%
baby,
69%
but
69%
But
69%
'Cause
69%
'cause
69%
feels
69%
her
69%
I'm
69%
not
69%
over
69%
shoulders
69%
Some
69%
Sometimes
69%
sometimes
69%
then
69%
when
69%
almost
63%
am
63%
Am
63%
back
63%
by
63%
can't
63%
could
63%
crazy
63%
crazy!
63%
crazy,
63%
down
63%
Everyone's
63%
for
63%
girl,
63%
it
63%
It
63%
leanin'
63%
look
63%
make
63%
she
63%
sing,
63%
sing
63%
they
63%
time?
63%
to
63%
understand
63%
up
63%
watch
63%
act
56%
alive
56%
all
56%
break
56%
comes
56%
cry,
56%
Da
56%
da
56%
drives
56%
eat
56%
eyes,
56%
gettin'
56%
got
56%
grow
56%
happy
56%
here?
56%
insecurities
56%
Inside
56%
into
56%
jokes
56%
just
56%
keeps
56%
live
56%
makes
56%
nothin'
56%
oh
56%
older
56%
People
56%
pride
56%
real
56%
sense
56%
side,
56%
singing
56%
suddenly
56%
there's
56%
think
56%
wastin'
56%
Why
56%
with
56%
Yeah,
56%
Yo,
56%
faze
50%
pass
50%
shit
50%
this
50%
fuckin'
44%
out
44%
starin'
44%
Watchin'
44%
window
44%
check
38%
days
38%
sit,
38%
wanna
38%
haha
25%
No matching quizzes found
Score Distribution
Percent of People with Each Score
Percentile by Number Answered
Your Score History
You have not taken this quiz